| 000 | 01690nam a2200289Ia 4500 | ||
|---|---|---|---|
| 999 |
_c55038 _d55038 |
||
| 001 | 22113 | ||
| 003 | GE_BSU | ||
| 005 | 20221027162254.0 | ||
| 008 | 181216s2016||||ge |||||||||||||| ||geo|| | ||
| 020 | _a9789941437953 | ||
| 040 | _cGE_BSU | ||
| 041 | _ageo | ||
| 080 | _a821.14'01-21 ს-72 | ||
| 100 |
_aსოფოკლე _915460 |
||
| 245 |
_aტრაგედიები = Tragodiae / _cსოფოკლე ; ძველი ბერძნულიდან თარგმნა გია ხომერიკმა ; რედაქტორი ნანა ტონია. |
||
| 264 |
_aთბილისი : _bპროგრამა "ლოგოსი", _c2016. |
||
| 300 |
_a316 გვ. ; _c20 სმ. |
||
| 490 | _aპროგრამა "ლოგოსი" : პუბლიკაციები და ღონისძიებები კლასიკური ფილოლოგიის, ბიზანტინისტიკისა და ნეოგრეცისტიკის სფეროში | ||
| 541 | _h9ლ.20თ. | ||
| 546 | _aდამატებითი სატიტულო გვერდი ბერძულ ენაზე | ||
| 653 | _aბერძნული ლიტერატურა | ||
| 653 | _aოიდიპოს მეფე ; ოიდიპოსი კოლონოსში ; ანტიგონე ; ელექტრა. | ||
| 653 | _aტრაგედიები = Tragodiae | ||
| 700 |
_aხომერიკი, გია _eმთარგმნელი _915602 |
||
| 700 |
_aტონია, ნანა _eრედაქტორი _915603 |
||
| 942 |
_cBK _2udc |
||